000 01340nam0a2200349 4500
001 RU\NLR\bibl\25242
005 20250615020520.0
010 _a5-85320-342-8
_9300
035 _a(NLR Aleph) 000024590
090 _a117431
_c117431
100 _a19990430d1999 |||y0rusy50 ca
101 0 _arus
102 _aRU
105 _a|||||||||||||
200 1 _aПрогулки к Пушкину пешком и на велосипеде
_e[Повесть
_eРассказ о жизни авт. в пушк. заповед. местах]
_fБорис Сергуненков
_g[Худож. Коринна Претро]
210 _aСПб
_cДума
_d1999
215 _a87 c.
_cил.
_d16
316 _aС автогр. авт.
_5NLR
606 0 _aПушкинские места
_yПсковская область
_91535272
_3RU\NLR\auth\66668973
686 _aШ6(2=Р)75-440.4
686 _aШ5(2=Р)51-4Пушкин28
700 1 _aСергуненков
_bБ. Н.
_gБорис Николаевич
_4070
801 0 _aRU
_bNLR
_c19990430
_gPSBO
801 1 _aRU
_bNLR
_c19990430
830 _aАвт. раскрыт по кн.
852 _aNLR
_j99-2/477
942 _cBOOK
980 _aNB